<The> Optimum Currency Areas and the Euro Theory of Crisis

Gespeichert in:
Bibliographische Detailangaben
1. Verfasser: Muchová, Eva, 1961-
Weitere Verfasser: Brown del Rivero, Alfonso
Format: Buchkapitel
Sprache:Englisch
Schlagworte:
Tags: Tag hinzufügen
Keine Tags, Fügen Sie das erste Tag hinzu!

MARC

LEADER 00000naa$a2200000$$$4500
001 0195921
005 20240502083458.5
041 0 |a eng 
044 |a RU 
245 1 0 |a <The> Optimum Currency Areas and the Euro Theory of Crisis  |c Eva Muchová, Alfonso Brown del Rivero 
610 2 0 |a teória konvergencie 
610 2 0 |a konvergencia 
610 2 0 |a eurozóna 
610 2 0 |a bilancia bežná 
610 2 0 |a dlhy verejné 
610 2 0 |a deficit rozpočtový 
610 2 0 |a politika menová 
100 1 |a Muchová, Eva, 1961- 
700 1 |a Brown del Rivero, Alfonso